The business of Tourism

Αποθηκεύτηκε σε:
Λεπτομέρειες βιβλιογραφικής εγγραφής
Κύριος συγγραφέας: Holloway, Christopher J. 1949-
Μορφή: Βιβλίο
Γλώσσα:English
Δημοσίευση: London : Pitman, 1994
Έκδοση:4th ed.
Θέματα:
Ετικέτες: Προσθήκη ετικέτας
Δεν υπάρχουν, Καταχωρήστε ετικέτα πρώτοι!

MARC

LEADER 00000nam a2200000 i 4500
001 1/37578
008 950921s1994 eng d
020 |a 027360130X 
035 |l 10024701 
040 |a GR-MY-UA  |b gre  |e aacr 
041 0 |a eng 
082 0 |a 338.4791 
100 1 |a Holloway, Christopher J.  |d 1949- 
245 1 4 |a The business of Tourism /  |c J. Christopher Holloway 
250 |a 4th ed. 
260 |a London :   |b Pitman,   |c 1994 
650 0 0 |a Tourism. 
852 |a INST  |b CHIOS  |e 19950921  |h 338.4791 HOL  |p 005200001559  |q 005200001559  |t BK  |y 0 
909 |a Χ  |b 041997